| 000 | 00625nam a2200217 a 4500 | ||
|---|---|---|---|
| 005 | 20221129063702.0 | ||
| 008 | 030911s1983 ag r 000 0 spa d | ||
| 020 | _a9505820895 | ||
| 035 | _aUPN01000128775 | ||
| 049 | _aCG | ||
| 050 | 4 |
_aHV43 _bC3.3 1983 |
|
| 100 | 1 |
_aCasalet Ravenna, Mónica _937708 |
|
| 245 | 1 | 0 |
_aAlternativas metodológicas en trabajo social / _cMónica Casalet. |
| 250 | _a2a ed. | ||
| 260 |
_aBuenos Aires : _bHvmanitas, _c1983. |
||
| 300 | _a100 p. | ||
| 440 | 0 |
_aCuadernos de servicio social ; _v25 |
|
| 650 | 7 |
_aAsistencia social _2 _96249 |
|
| 650 | 4 |
_aMetodología _96963 |
|
| 905 | _aLibro | ||
| 999 |
_c100952 _d100952 |
||